Complete business statistics / (Record no. 348641)
[ view plain ]
| 000 -LEADER | |
|---|---|
| fixed length control field | 01424 a2200205 4500 |
| 020 ## - INTERNATIONAL STANDARD BOOK NUMBER | |
| International Standard Book Number | 0072893028 (hardcover) |
| 020 ## - INTERNATIONAL STANDARD BOOK NUMBER | |
| International Standard Book Number | 9780072893021 (hardcover) |
| 082 04 - DEWEY DECIMAL CLASSIFICATION NUMBER | |
| Classification number | 519.5 |
| 090 ## - LOCALLY ASSIGNED LC-TYPE CALL NUMBER (OCLC); LOCAL CALL NUMBER (RLIN) | |
| -- | 6272 |
| -- | 6272 |
| 100 1# - MAIN ENTRY--PERSONAL NAME | |
| Personal name | Aczel, Amir D. |
| 245 10 - TITLE STATEMENT | |
| Title | Complete business statistics / |
| Statement of responsibility, etc. | Amir D. Aczel. |
| 250 ## - EDITION STATEMENT | |
| Edition statement | 4th ed. |
| 260 ## - PUBLICATION, DISTRIBUTION, ETC. | |
| Place of publication, distribution, etc. | [S.l.] : |
| Name of publisher, distributor, etc. | Richard D Irwin, |
| Date of publication, distribution, etc. | 1998. |
| 300 ## - PHYSICAL DESCRIPTION | |
| Extent | 917 p. ; |
| Dimensions | 27 cm. |
| 490 1# - SERIES STATEMENT | |
| Series statement | The irwin/mcgraw-hill series in operations and decision sciences. |
| 520 ## - SUMMARY, ETC. | |
| Summary, etc. | This fifth edition aims to provide students with a solid understanding of statistical concepts. It also exposes students to the more contemporary uses of technology in business statistics. This book features: Excel output in text examples, to give students a foundation for learning and applying statistics with commercial software tools; a visual statistics software bundle that teaches statistics using multimedia enhanced visuals to help students understand business statistics concepts; and exercises, examples, problems and cases which offer students examples drawn from real business situations. The main aim of this book is to offer students a realistic understanding of statistics and how they are applied in business. |
| 830 #4 - SERIES ADDED ENTRY--UNIFORM TITLE | |
| Uniform title | The irwin/mcgraw-hill series in operations and decision sciences. |
| 856 40 - ELECTRONIC LOCATION AND ACCESS | |
| Materials specified | Amazon.com |
| Uniform Resource Identifier | <a href="http://www.amazon.com/exec/obidos/ASIN/0072893028/chopaconline-20">http://www.amazon.com/exec/obidos/ASIN/0072893028/chopaconline-20</a> |
| 942 ## - ADDED ENTRY ELEMENTS (KOHA) | |
| Institution code [OBSOLETE] | NBS |
| Koha item type | Book |
| Call number prefix | 519.5 ACZ |
| Withdrawn status | Lost status | Damaged status | Not for loan | Permanent Location | Current Location | Date acquired | Total Checkouts | Full call number | Barcode | Date last seen | Date last checked out | Price effective from | Koha item type |
|---|---|---|---|---|---|---|---|---|---|---|---|---|---|
| Central Library (CL) | Central Library (CL) | 08/28/2013 | 3 | 519.5 ACZ | NBS4676 | 11/23/2017 | 08/24/2017 | 08/28/2013 | Book |
